[Event "XIII C.to Italiano U20"]
[Site "Bratto - Castione della Presolana ITA"]
[Date "2005.08.28"]
[Round "9"]
[White "Boscolo, Marco"]
[Black "Gatterer, Matthias"]
[Result "1/2-1/2"]
[WhiteElo "2006"]
[BlackElo "1917"]
[PlyCount "54"]
[EventDate "2005.08.20"]

1.e4 e6 2.d4 d5 3.Nc3 Nf6 4.Bg5 Be7 5.e5 Nfd7 6.Bxe7 Qxe7 7.Qd2 a6 8.f4 c5
9.Nf3 Nc6 10.O-O-O b5 11.dxc5 Qxc5 12.Nd4 Nxd4 13.Qxd4 g6 14.Qxc5 Nxc5 15.
Rd4 Bd7 16.h4 h5 17.Be2 Ke7 18.Bf3 Bc6 19.Re1 Rad8 20.g3 Rd7 21.Nd1 Rc8 
22.Kb1 Nb7 23.b3 Na5 24.Kb2 Rdc7 25.c3 Rd7 26.Nf2 Bb7 27.Rd3 Rh8 1/2-1/2

[Event "XIII C.to Italiano U20"]
[Site "Bratto - Castione della Presolana ITA"]
[Date "2005.08.28"]
[Round "9"]
[White "Bosi, Clint"]
[Black "Fratino, Lorenzo"]
[Result "1-0"]
[WhiteElo "2025"]
[BlackElo "1905"]
[PlyCount "105"]
[EventDate "2005.08.20"]

1.e4 d5 2.exd5 Nf6 3.Bb5+ Bd7 4.Bxd7+ Qxd7 5.c4 c6 6.dxc6 Qxc6 7.d3 Qxg2 
8.Qf3 Qxf3 9.Nxf3 Nc6 10.a3 O-O-O 11.Ke2 h6 12.Be3 g5 13.h3 Bg7 14.Nc3 Nd7
15.Rac1 Kb8 16.Rhd1 f5 17.d4 Na5 18.Na4 f4 19.Bd2 Nb3 20.Rc3 Nxd2 21.Rxd2 
e5 22.d5 Rde8 23.Rcc2 Bf6 24.b4 h5 25.c5 g4 26.hxg4 hxg4 27.Ne1 Rh2 28.Kd1
e4 29.Nb2 Ne5 30.Nc4 g3 31.Nxe5 Bxe5 32.fxg3 fxg3 33.Re2 Rf8 34.Rxe4 Rf1 
35.Rxe5 g2 36.d6 Kc8 37.Rxg2 Rxg2 38.Re2 Rg3 39.Re8+ Kd7 40.Re7+ Kc8 41.b5
Rxa3 42.c6 bxc6 43.bxc6 Rf8 44.Rb7 Ra5 45.d7+ Kd8 46.Rb8+ Ke7 47.Rxf8 Rd5+
48.Ke2 Kxf8 49.c7 Ke7 50.c8=Q Rxd7 51.Qc5+ Kd8 52.Nd3 Re7+ 53.Ne5 1-0

[Event "XIII C.to Italiano U20"]
[Site "Bratto - Castione della Presolana ITA"]
[Date "2005.08.28"]
[Round "9"]
[White "Bove, Alessandro"]
[Black "Lain, Luigi"]
[Result "0-1"]
[WhiteElo "2137"]
[BlackElo "2254"]
[PlyCount "80"]
[EventDate "2005.08.20"]

1.e4 e5 2.f4 exf4 3.d4 d5 4.exd5 Qxd5 5.Bxf4 Nc6 6.c3 Nf6 7.Bxc7 Bg4 8.Qb3
Qd7 9.Bg3 O-O-O 10.Nd2 Bd6 11.Bxd6 Rhe8+ 12.Be2 Bxe2 13.Nxe2 Qxd6 14.Qc4 
Ng4 15.O-O-O Nf2 16.Ng3 Nxh1 17.Rxh1 Qe6 18.Rf1 Rd7 19.Qxe6 fxe6 20.Nge4 
e5 21.Nc4 Ree7 22.Ned6+ Kc7 23.Nb5+ Kb8 24.Nxe5 Rd8 25.Nxc6+ bxc6 26.Na3 
Re2 27.Nc4 Rd7 28.Ne5 Rc7 29.b4 Rxa2 30.Rf8+ Kb7 31.Nd3 Re7 32.Rf5 Ree2 
33.Kb1 Rad2 34.Nc5+ Kb6 35.Kc1 Ra2 36.Kb1 Reb2+ 37.Kc1 Rxg2 38.Kb1 Rgb2+ 
39.Kc1 Rxh2 40.Kb1 Rae2 0-1

[Event "XIII C.to Italiano U20"]
[Site "Bratto - Castione della Presolana ITA"]
[Date "2005.08.28"]
[Round "9"]
[White "Cappai, Davide"]
[Black "Tomba, Ivan"]
[Result "0-1"]
[WhiteElo "2115"]
[BlackElo "2232"]
[PlyCount "98"]
[EventDate "2005.08.20"]

1.e4 c5 2.Nf3 d6 3.d4 cxd4 4.Nxd4 e6 5.Nc3 a6 6.Bd3 b5 7.a3 Bb7 8.Qe2 Ne7 
9.Be3 Nec6 10.O-O-O Nxd4 11.Bxd4 Nc6 12.Qe3 Rc8 13.Bb6 Qd7 14.Rhe1 Be7 15.
f4 b4 16.axb4 Nxb4 17.Qd4 Nxd3+ 18.Rxd3 O-O 19.Bc5 Rc6 20.Ba3 Rfc8 21.b3 
Qc7 22.Bb2 e5 23.fxe5 dxe5 24.Qd7 Bb4 25.Red1 h6 26.Qxc7 R8xc7 27.Rd8+ Kh7
28.Nd5 Rxc2+ 29.Kb1 Bxd5 30.exd5 f6 31.d6 Rc8 32.Rd7 R2c6 33.g4 Re8 34.h4 
Re6 35.Rb7 Rexd6 36.Rf1 Bd2 37.Ba3 Rb6 38.Rxb6 Rxb6 39.Kc2 Bb4 40.Bc1 Rd6 
41.Be3 Kg6 42.h5+ Kf7 43.g5 hxg5 44.Bxg5 Ke6 45.Be3 Rd8 46.h6 gxh6 47.Bxh6
Rc8+ 48.Kb2 Rh8 49.Be3 Rh2+ 0-1

[Event "XIII C.to Italiano U20"]
[Site "Bratto - Castione della Presolana ITA"]
[Date "2005.08.28"]
[Round "9"]
[White "Castellano, Fabio Marco"]
[Black "Rorato, Giovanni Riccardo"]
[Result "0-1"]
[WhiteElo "1893"]
[BlackElo "1706"]
[PlyCount "100"]
[EventDate "2005.08.20"]

1.e4 c6 2.d4 d5 3.Nc3 dxe4 4.Nxe4 Bf5 5.Ng3 Bg6 6.h4 h6 7.Nf3 Nf6 8.Ne5 
Bh7 9.Bc4 e6 10.Qe2 Nd5 11.c3 Nd7 12.f4 N7b6 13.Bd3 Bxd3 14.Qxd3 Nf6 15.
Be3 Qe7 16.O-O-O O-O-O 17.f5 Nbd7 18.Nxd7 Qxd7 19.fxe6 Qxe6 20.Qf5 Qxf5 
21.Nxf5 g6 22.Ng3 Bd6 23.Rhf1 Nd5 24.Bf2 f5 25.Ne2 Rde8 26.Rfe1 Ne3 27.
Bxe3 Rxe3 28.Kd2 Rhe8 29.c4 R8e4 30.g3 Bb4+ 31.Nc3 Rxe1 32.Rxe1 Rxd4+ 33.
Kc2 Rxc4 34.Re6 Bxc3 35.bxc3 Rg4 36.Re3 Kd7 37.Kd3 Ra4 38.Re2 Kd6 39.Re8 
Rg4 40.Re3 b5 41.Kc2 c5 42.Rf3 Ke5 43.Re3+ Re4 44.Rd3 c4 45.Rd7 Re2+ 46.
Kb1 Rg2 47.Rxa7 Rxg3 48.Rb7 f4 49.Rxb5+ Ke4 50.h5 f3 0-1

[Event "XIII C.to Italiano U20"]
[Site "Bratto - Castione della Presolana ITA"]
[Date "2005.08.28"]
[Round "9"]
[White "Chinello, Gianmarco"]
[Black "Fortino, Fabrizio"]
[Result "0-1"]
[WhiteElo "2070"]
[BlackElo "1965"]
[PlyCount "59"]
[EventDate "2005.08.20"]

1.e4 c5 2.f4 d5 3.exd5 Nf6 4.c4 e6 5.dxe6 Bxe6 6.Nf3 Nc6 7.Be2 Qc7 8.O-O 
Bd6 9.g3 O-O 10.Nc3 a6 11.a3 Nd4 12.d3 Rad8 13.Nxd4 cxd4 14.Na2 Rfe8 15.
Bf3 h5 16.Bxh5 Bh3 17.Bf3 Bxf1 18.Qxf1 b5 19.cxb5 axb5 20.Bd2 Qc2 21.Ba5 
Rc8 22.Rb1 Bxa3 23.bxa3 Qxa2 24.Ra1 Qe6 25.Bb4 Qe3+ 26.Kh1 Rc2 27.Bd1 Rf2 
28.Qg1 Nd5 29.Ba5 Nc3 30.Bg4 0-1

[Event "XIII C.to Italiano U20"]
[Site "Bratto - Castione della Presolana ITA"]
[Date "2005.08.28"]
[Round "9"]
[White "Corsino, Gianluca"]
[Black "De Nardi, Riccardo"]
[Result "1/2-1/2"]
[WhiteElo "2053"]
[BlackElo "1717"]
[PlyCount "36"]
[EventDate "2005.08.20"]

1.d4 Nf6 2.Bg5 e6 3.e4 Be7 4.Nd2 O-O 5.Ngf3 d6 6.Bd3 Nc6 7.c3 e5 8.h3 Nd7 
9.Bxe7 Nxe7 10.Qc2 Ng6 11.dxe5 Ndxe5 12.Nxe5 Nxe5 13.Be2 Be6 14.O-O Qe7 
15.Nf3 Nxf3+ 16.Bxf3 Rfe8 17.Rfe1 Rab8 18.c4 Bd7 1/2-1/2

[Event "XIII C.to Italiano U20"]
[Site "Bratto - Castione della Presolana ITA"]
[Date "2005.08.28"]
[Round "9"]
[White "Covolan, Stefano"]
[Black "Lai, Luca"]
[Result "1-0"]
[WhiteElo "1691"]
[BlackElo "1871"]
[PlyCount "33"]
[EventDate "2005.08.20"]

1.e4 d5 2.exd5 c6 3.dxc6 e5 4.Bc4 Bc5 5.Qf3 Qc7 6.cxb7 Bxb7 7.Bd5 Nc6 8.
Qg3 O-O-O 9.Bb3 Nge7 10.Nc3 Rd6 11.Ne4 Nf5 12.Qh3 Nd4 13.Nxd6+ Qxd6 14.c3 
Kc7 15.cxd4 Qxd4 16.Qxf5 Bxg2 17.Ne2 1-0

[Event "XIII C.to Italiano U20"]
[Site "Bratto - Castione della Presolana ITA"]
[Date "2005.08.28"]
[Round "9"]
[White "Cozzarin, Davide"]
[Black "Bonagura, Stefano"]
[Result "1-0"]
[WhiteElo "1646"]
[BlackElo "2018"]
[PlyCount "71"]
[EventDate "2005.08.20"]

1.c4 g6 2.Nc3 Bg7 3.g3 Nf6 4.Bg2 d6 5.e3 O-O 6.Nge2 e5 7.O-O c6 8.d4 Nbd7 
9.b3 Ne8 10.Bb2 f5 11.d5 c5 12.Qd2 g5 13.f3 h5 14.e4 f4 15.gxf4 gxf4 16.
Kh1 Ndf6 17.Ng1 h4 18.Bh3 Nd7 19.Qg2 Kh8 20.Nge2 Qf6 21.Rg1 Rf7 22.Be6 Re7
23.Qg5 Qxg5 24.Rxg5 Nef6 25.Nb5 Nh7 26.Rgg1 Nhf8 27.Bf5 Bh6 28.Nxd6 a6 29.
Nxc8 Rxc8 30.Rg4 Bg7 31.Rag1 Rd8 32.Nxf4 Nf6 33.Rxh4+ Kg8 34.Ne6 Nxe6 35.
Bxe6+ Kf8 36.Bxe5 1-0

[Event "XIII C.to Italiano U20"]
[Site "Bratto - Castione della Presolana ITA"]
[Date "2005.08.28"]
[Round "9"]
[White "Damia, Angelo"]
[Black "Lettieri, Giuseppe"]
[Result "1/2-1/2"]
[WhiteElo "2155"]
[BlackElo "2251"]
[PlyCount "106"]
[EventDate "2005.08.20"]

1.e4 c5 2.b3 Nc6 3.Bb2 Nf6 4.e5 Nd5 5.c4 Nc7 6.Nf3 Ne6 7.h4 d6 8.exd6 Qxd6
9.Nc3 Ned4 10.Ne4 Qf4 11.Bxd4 Qxe4+ 12.Be3 Nd4 13.d3 Nxf3+ 14.Qxf3 Qxf3 
15.gxf3 e5 16.f4 exf4 17.Bxf4 Bg4 18.Kd2 O-O-O 19.Bh3 Bxh3 20.Rxh3 h5 21.
Re1 Bd6 22.Bxd6 Rxd6 23.Re7 Rf6 24.Ke2 Rhh6 25.Rhe3 Rf5 26.Re8+ Kd7 27.
R3e7+ Kd6 28.Rxb7 Rhf6 29.Rxa7 Rxf2+ 30.Ke1 Rf1+ 31.Kd2 R6f2+ 32.Re2 Rxe2+
33.Kxe2 Rf4 34.Ke3 Rxh4 35.Rxf7 g5 36.a3 Rg4 37.b4 cxb4 38.axb4 h4 39.c5+ 
Kd5 40.Rf5+ Kc6 41.Rf6+ Kc7 42.b5 Rb4 43.b6+ Kb7 44.Rh6 Rf4 45.Rh7+ Kc6 
46.Rc7+ Kd5 47.b7 Rb4 48.c6 h3 49.Kf3 Rb2 50.Rh7 Kxc6 51.Rxh3 Rxb7 52.Rg3 
Kd5 53.Ke3 Rg7 1/2-1/2

[Event "XIII C.to Italiano U20"]
[Site "Bratto - Castione della Presolana ITA"]
[Date "2005.08.28"]
[Round "9"]
[White "Drezzadore, Dario"]
[Black "Valsecchi, Alessio"]
[Result "1-0"]
[WhiteElo "2019"]
[BlackElo "1945"]
[PlyCount "97"]
[EventDate "2005.08.20"]

1.e4 c5 2.d4 cxd4 3.c3 dxc3 4.Nxc3 Nc6 5.Nf3 e6 6.Bc4 Qc7 7.O-O Nf6 8.Qe2 
Ng4 9.g3 d6 10.a4 a6 11.h3 Nge5 12.Ba2 b6 13.Be3 Bb7 14.Rac1 Be7 15.Nxe5 
dxe5 16.Nd5 exd5 17.exd5 O-O 18.dxc6 Bxc6 19.Bd5 Bc5 20.Bxc5 bxc5 21.Rxc5 
Qd6 22.Rxc6 Qxd5 23.Rxa6 Rxa6 24.Qxa6 Qb3 25.Qb5 Qxb5 26.axb5 Rb8 27.Rc1 
f6 28.Rc5 Kf7 29.Kf1 Ke6 30.Ke2 Kd6 31.b4 f5 32.Kd3 g6 33.Kc4 Rb6 34.Rd5+ 
Ke6 35.Kc5 Rb8 36.Rd6+ Ke7 37.b6 g5 38.Rh6 e4 39.Rxh7+ Ke6 40.b7 f4 41.
gxf4 gxf4 42.Kd4 Kf5 43.Rh5+ Kg6 44.Rb5 e3 45.fxe3 fxe3 46.Kxe3 Kf6 47.Kd4
Ke6 48.Kc5 Kd7 49.Kb6 1-0

[Event "XIII C.to Italiano U20"]
[Site "Bratto - Castione della Presolana ITA"]
[Date "2005.08.28"]
[Round "9"]
[White "Ferrante, Marco"]
[Black "Laurenti, Stefano"]
[Result "1/2-1/2"]
[WhiteElo "2113"]
[BlackElo "1937"]
[PlyCount "104"]
[EventDate "2005.08.20"]

1.e4 d6 2.d4 Nf6 3.Nc3 c6 4.f4 Qa5 5.e5 Ne4 6.Bd2 Nxd2 7.Qxd2 d5 8.Bd3 Na6
9.Nce2 Nb4 10.c3 Nxd3+ 11.Qxd3 g6 12.Ng3 e6 13.a4 c5 14.dxc5 Qxc5 15.h4 
Bh6 16.N3e2 Bd7 17.Nf3 Rc8 18.g3 a5 19.Nfd4 Qb6 20.Nb5 Bxb5 21.Qxb5+ Qxb5 
22.axb5 b6 23.Nd4 Bf8 24.h5 Bc5 25.Nc6 Kd7 26.b4 axb4 27.cxb4 Bf8 28.hxg6 
fxg6 29.Ra6 Rxc6 30.bxc6+ Kxc6 31.Ra7 h5 32.Ke2 Bxb4 33.g4 d4 34.Kd3 Bc5 
35.Rg7 Ra8 36.Rxg6 Ra3+ 37.Kc2 hxg4 38.Rxe6+ Kd5 39.Rg6 g3 40.Kb2 Rf3 41.
Re1 Re3 42.Rxe3 dxe3 43.Kc3 Ke4 44.Rxg3 Kxf4 45.Rg8 Kxe5 46.Re8+ Kd5 47.
Kd3 Kc6 48.Re4 Kd5 49.Rh4 Ke5 50.Re4+ Kd5 51.Re8 Kc6 52.Re6+ Kd5 1/2-1/2

[Event "XIII C.to Italiano U20"]
[Site "Bratto - Castione della Presolana ITA"]
[Date "2005.08.28"]
[Round "9"]
[White "Fezzardi, Emanuele"]
[Black "Lapenna, Antonio"]
[Result "0-1"]
[WhiteElo "1970"]
[BlackElo "2056"]
[PlyCount "82"]
[EventDate "2005.08.20"]

1.d4 Nf6 2.c4 g6 3.Nc3 Bg7 4.Nf3 O-O 5.g3 d6 6.Bg2 Nbd7 7.O-O e5 8.e4 exd4
9.Nxd4 Re8 10.Re1 a6 11.h3 Rb8 12.Be3 Ne5 13.b3 c5 14.Nde2 b5 15.f4 Ned7 
16.Qxd6 b4 17.e5 bxc3 18.Rad1 Qa5 19.exf6 Rxe3 20.fxg7 Qxa2 21.Nc1 Rxe1+ 
22.Rxe1 Qd2 23.Rd1 Qxd6 24.Rxd6 Nb6 25.Rd8+ Kxg7 26.Bc6 c2 27.Kf2 Kf6 28.
Re8 a5 29.Be4 a4 30.Bxc2 Rb7 31.g4 a3 32.Re1 h5 33.g5+ Kg7 34.h4 Bg4 35.
Nd3 Nd7 36.Ra1 Ra7 37.Nc1 Nf8 38.Nd3 Ne6 39.Ke3 Nd4 40.Kd2 Bf5 41.Nxc5 
Nxc2 0-1

[Event "XIII C.to Italiano U20"]
[Site "Bratto - Castione della Presolana ITA"]
[Date "2005.08.28"]
[Round "9"]
[White "Frilli, Guido"]
[Black "Braschi, Giancarlo"]
[Result "0-1"]
[WhiteElo "2120"]
[BlackElo "2201"]
[PlyCount "74"]
[EventDate "2005.08.20"]

1.e4 c5 2.Nf3 Nc6 3.c3 Nf6 4.e5 Nd5 5.Na3 g6 6.d4 cxd4 7.Qb3 Nc7 8.Bc4 Ne6
9.cxd4 Na5 10.Qe3 Nxc4 11.Nxc4 Qc7 12.Na3 d5 13.exd6 Qxd6 14.O-O Bg7 15.
Nb5 Qd7 16.Nc3 Nxd4 17.Rd1 Nxf3+ 18.gxf3 Qh3 19.Nd5 O-O 20.Nxe7+ Kh8 21.
Bd2 Qe6 22.Qa3 Qa6 23.Qe3 Qe6 24.Qa3 Qa6 25.Qe3 Bh3 26.Bc3 Qe6 27.Bxg7+ 
Kxg7 28.Qc3+ Qf6 29.Qxf6+ Kxf6 30.Nd5+ Kg7 31.Nf4 Bf5 32.Rac1 Rac8 33.Kf1 
g5 34.Nd5 Rfd8 35.Ne7 Bh3+ 36.Kg1 Rxc1 37.Rxc1 Kf8 0-1

[Event "XIII C.to Italiano U20"]
[Site "Bratto - Castione della Presolana ITA"]
[Date "2005.08.28"]
[Round "9"]
[White "Manconi, Antonio"]
[Black "Bellemo, Davide"]
[Result "0-1"]
[WhiteElo "1988"]
[BlackElo "1847"]
[PlyCount "104"]
[EventDate "2005.08.20"]

1.e4 e5 2.d4 exd4 3.Qxd4 Nc6 4.Qe3 Bb4+ 5.Nc3 d6 6.Bd2 Nf6 7.O-O-O O-O 8.
Qg3 Re8 9.f3 a6 10.h4 Kh8 11.h5 h6 12.Qh2 b5 13.g4 Nh7 14.Nh3 Be6 15.Kb1 
Qe7 16.Be2 Nd4 17.Rdg1 Nxe2 18.Qxe2 Bc4 19.Qg2 f6 20.Nd5 Bxd5 21.Bxb4 Bf7 
22.Nf4 Kg8 23.Rd1 a5 24.Bd2 Reb8 25.Bc1 a4 26.Nd5 Qe6 27.f4 c6 28.f5 Qd7 
29.Nb4 c5 30.Nd5 b4 31.Rh3 c4 32.c3 Bxd5 33.Rxd5 a3 34.cxb4 Rxb4 35.Qd2 
Rb6 36.Qd4 Qc7 37.Qc3 axb2 38.Bxb2 Ng5 39.Re3 Rab8 40.Rd2 Qc6 41.Qd4 Nf7 
42.Rc3 Ne5 43.Rcc2 Nf3 44.Qd5+ Qxd5 45.Rxd5 c3 46.Rxc3 Rxb2+ 47.Kc1 Rb1+ 
48.Kc2 R8b2+ 49.Kd3 Ne5+ 50.Ke3 Re1+ 51.Kf4 Rf1+ 52.Kg3 Rg1+ 0-1

[Event "XIII C.to Italiano U20"]
[Site "Bratto - Castione della Presolana ITA"]
[Date "2005.08.28"]
[Round "9"]
[White "Massironi, Marco"]
[Black "Romano, Zeno"]
[Result "1-0"]
[WhiteElo "2122"]
[BlackElo "1860"]
[PlyCount "45"]
[EventDate "2005.08.20"]

1.e4 e5 2.Nf3 Nc6 3.Bb5 a6 4.Ba4 Nf6 5.O-O Be7 6.Re1 b5 7.Bb3 d6 8.c3 Na5 
9.Bc2 c5 10.h3 O-O 11.d4 Qc7 12.Nbd2 Bd7 13.Nf1 Rfc8 14.Ne3 cxd4 15.cxd4 
Nc4 16.Nxc4 Qxc4 17.Bb3 Qc7 18.Bd2 Bc6 19.Ng5 Be8 20.Bc3 Nd7 21.Qh5 Nf6 
22.Bxf7+ Kf8 23.Ne6# 1-0

[Event "XIII C.to Italiano U20"]
[Site "Bratto - Castione della Presolana ITA"]
[Date "2005.08.28"]
[Round "9"]
[White "Mora, Lorenzo"]
[Black "Hellweger, Stefan"]
[Result "1-0"]
[WhiteElo "1820"]
[BlackElo "1685"]
[PlyCount "97"]
[EventDate "2005.08.20"]

1.Nf3 Nc6 2.g3 g6 3.Bg2 Bg7 4.d3 d5 5.Nbd2 e5 6.e4 d4 7.O-O Bg4 8.h3 Bd7 
9.a4 h6 10.Nc4 Be6 11.Nfd2 Qd7 12.Kh2 O-O-O 13.Nb3 Bxc4 14.dxc4 Qe6 15.Qe2
f5 16.Bd2 Nf6 17.Nc5 Qf7 18.b4 b6 19.exf5 bxc5 20.Bxc6 gxf5 21.Rab1 Qe6 
22.Bg2 e4 23.bxc5 Rhe8 24.Rb3 Qc6 25.Rfb1 Qxa4 26.Rb4 Qc6 27.Ra1 Kd7 28.
Bf4 Ra8 29.Rba4 a6 30.Ra5 Ke7 31.Qd2 Kf8 32.Kg1 Nd7 33.R1a2 Ra7 34.h4 Ne5 
35.Bxe5 Rxe5 36.Qxd4 Re8 37.Qd5 Qf6 38.c6 Re5 39.Qd2 Rxa5 40.Rxa5 f4 41.
Bxe4 Qd4 42.Qxf4+ Kg8 43.Rd5 Qa1+ 44.Kg2 Qf6 45.Rf5 Qd6 46.Bd5+ Kh8 47.
Qxd6 cxd6 48.Rf7 Ra8 49.c7 1-0

[Event "XIII C.to Italiano U20"]
[Site "Bratto - Castione della Presolana ITA"]
[Date "2005.08.28"]
[Round "9"]
[White "Napoli, Nicolo'"]
[Black "Lapiccirella, Daniele"]
[Result "1/2-1/2"]
[WhiteElo "2225"]
[BlackElo "2120"]
[PlyCount "35"]
[EventDate "2005.08.20"]

1.e4 c5 2.c3 d5 3.exd5 Qxd5 4.d4 Nf6 5.Nf3 e6 6.Na3 Nc6 7.Nb5 Qd8 8.dxc5 
Bxc5 9.Qxd8+ Kxd8 10.b4 Bb6 11.Bf4 Nd5 12.O-O-O Ke7 13.Bd6+ Kf6 14.Bc4 a6 
15.Bxd5 exd5 16.Nbd4 Rd8 17.Bg3 Ke7 18.Rhe1+ 1/2-1/2

[Event "XIII C.to Italiano U20"]
[Site "Bratto - Castione della Presolana ITA"]
[Date "2005.08.28"]
[Round "9"]
[White "Navarro, Stefano"]
[Black "Pomaro, Alberto"]
[Result "1-0"]
[WhiteElo "2209"]
[BlackElo "1943"]
[PlyCount "50"]
[EventDate "2005.08.20"]

1.e4 e6 2.d4 d5 3.exd5 exd5 4.c4 Nf6 5.Nc3 dxc4 6.Bxc4 Be7 7.h3 O-O 8.Nf3 
Nbd7 9.O-O Nb6 10.Bb3 c6 11.Re1 Bf5 12.Bg5 Nfd5 13.Bxe7 Nxe7 14.Re5 Nd7 
15.Re3 Nf6 16.Qe2 Ng6 17.Re1 Nf4 18.Qd2 Qc8 19.Ne5 Be6 20.Bc2 Ng6 21.Bxg6 
hxg6 22.Nxg6 Re8 23.Nf4 Nd5 24.Rg3 Ne7 25.Ne4 Qd8 1-0

[Event "XIII C.to Italiano U20"]
[Site "Bratto - Castione della Presolana ITA"]
[Date "2005.08.28"]
[Round "9"]
[White "Navarro, Tommaso"]
[Black "Gallucci, Alessio"]
[Result "0-1"]
[WhiteElo "1805"]
[BlackElo "1656"]
[PlyCount "110"]
[EventDate "2005.08.20"]

1.e4 c5 2.Nf3 Nc6 3.d4 cxd4 4.Nxd4 Nf6 5.Nc3 e5 6.Nde2 Bc5 7.Ng3 d6 8.Bc4 
Ng4 9.Be3 Bxe3 10.fxe3 O-O 11.Qf3 Qb6 12.O-O-O Qxe3+ 13.Rd2 Nd4 14.Qxe3 
Nxe3 15.Bd5 Rb8 16.Re1 Nxd5 17.Nxd5 Be6 18.Ne7+ Kh8 19.c3 Rfe8 20.Nef5 
Nxf5 21.exf5 Bxa2 22.Rxd6 f6 23.Rd7 Red8 24.Red1 Rxd7 25.Rxd7 Kg8 26.Kc2 
Bf7 27.Kd3 Be8 28.Rd6 Bc6 29.Ne4 Re8 30.g4 Kf7 31.Ke3 Re7 32.Nc5 Bg2 33.h4
Bh3 34.Kf3 h5 35.gxh5 Bxf5 36.Rd8 Bc2 37.Rh8 e4+ 38.Ke3 Rc7 39.Kd2 Rxc5 
40.Kxc2 Rd5 41.h6 f5 42.Rh7 Kf6 43.Rxg7 e3 44.Rg2 Rd7 45.h5 f4 46.Rg6+ Kf5
47.Rg7 e2 48.Rg1 Ke4 49.h7 Rxh7 50.Kd2 f3 51.Rg4+ Kf5 52.Rh4 Kg5 53.Ra4 
Rxh5 54.Ke1 Rh1+ 55.Kd2 Rd1+ 0-1

[Event "XIII C.to Italiano U20"]
[Site "Bratto - Castione della Presolana ITA"]
[Date "2005.08.28"]
[Round "9"]
[White "Oblak, Mitja"]
[Black "Nizzardo, Mattia"]
[Result "1/2-1/2"]
[WhiteElo "1688"]
[BlackElo "1718"]
[PlyCount "61"]
[EventDate "2005.08.20"]

1.c4 Nf6 2.d4 c5 3.d5 b5 4.cxb5 a6 5.bxa6 Bxa6 6.Nc3 g6 7.e4 Bxf1 8.Kxf1 
d6 9.g3 Bg7 10.Kg2 O-O 11.Bf4 Nbd7 12.Qd2 Qb6 13.Nge2 Ng4 14.Rhb1 c4 15.
Be3 Nxe3+ 16.Qxe3 Qxe3 17.fxe3 Rfb8 18.Nd4 Ne5 19.b3 Ng4 20.Kf3 Nxh2+ 21.
Ke2 cxb3 22.axb3 Rxa1 23.Rxa1 Bxd4 24.exd4 Rxb3 25.Kd3 Rb7 26.e5 Ng4 27.
exd6 exd6 28.Ra6 Rd7 29.Ne4 f5 30.Nxd6 Nf6 31.Nxf5 1/2-1/2

[Event "XIII C.to Italiano U20"]
[Site "Bratto - Castione della Presolana ITA"]
[Date "2005.08.28"]
[Round "9"]
[White "Parodi, Alessandro"]
[Black "Andreoni, Giuseppe"]
[Result "1/2-1/2"]
[WhiteElo "1923"]
[BlackElo "1983"]
[PlyCount "55"]
[EventDate "2005.08.20"]

1.d4 d5 2.c4 c6 3.Nc3 Nf6 4.Nf3 dxc4 5.e4 b5 6.a4 b4 7.Na2 b3 8.Nc3 Ba6 9.
Ne5 Qd6 10.Bxc4 Bxc4 11.Nxc4 Qb4 12.Nd2 Qxd4 13.Nxb3 Qxd1+ 14.Kxd1 e5 15.
f3 Nbd7 16.Na5 Rc8 17.Nc4 Bc5 18.Ke2 Ke7 19.Be3 Bxe3 20.Kxe3 Ke6 21.Rhd1 
Ne8 22.Rac1 Nb6 23.Na3 Nd6 24.b3 Rc7 25.Na2 c5 26.Rd2 Rhc8 27.Rdc2 c4 28.
bxc4 1/2-1/2

[Event "XIII C.to Italiano U20"]
[Site "Bratto - Castione della Presolana ITA"]
[Date "2005.08.28"]
[Round "9"]
[White "Piccirillo, Edoardo"]
[Black "Trazzi, Enrico"]
[Result "1/2-1/2"]
[WhiteElo "1653"]
[BlackElo "1670"]
[PlyCount "28"]
[EventDate "2005.08.20"]

1.d4 d6 2.c4 g6 3.e4 Bg7 4.Nc3 Nd7 5.f3 e5 6.d5 f5 7.Bd3 Ne7 8.Bg5 Nc5 9.
Bc2 a5 10.Qd2 O-O 11.Nge2 Bd7 12.Bh6 Qe8 13.Bxg7 Kxg7 14.h4 h6 1/2-1/2

[Event "XIII C.to Italiano U20"]
[Site "Bratto - Castione della Presolana ITA"]
[Date "2005.08.28"]
[Round "9"]
[White "Regorda, Massimiliano"]
[Black "Zermian, Federico"]
[Result "1-0"]
[WhiteElo "1802"]
[BlackElo "1500"]
[PlyCount "75"]
[EventDate "2005.08.20"]

1.e4 e5 2.Nf3 Nc6 3.Bb5 Nf6 4.O-O Bc5 5.d3 h6 6.c3 a6 7.Bxc6 dxc6 8.Nxe5 
Qd6 9.d4 Ba7 10.Nxf7 Kxf7 11.e5 Qe7 12.exf6 Qxf6 13.Nd2 Rf8 14.Qf3 Kg8 15.
Qxf6 Rxf6 16.Nf3 Rg6 17.Ne5 Rf6 18.Bd2 Be6 19.a3 c5 20.Be3 cxd4 21.cxd4 
Rd8 22.Rac1 c6 23.h3 Rd5 24.Rfd1 Rb5 25.b4 a5 26.Rb1 axb4 27.Rxb4 Rxb4 28.
axb4 Bb8 29.Ra1 Bxe5 30.dxe5 Rf8 31.Bc5 Re8 32.Bd6 Kh7 33.Kf1 Kg6 34.Ke2 
Kf5 35.Ke3 Kg5 36.Ra7 Bc8 37.f4+ Kh4 38.Kf3 1-0

[Event "XIII C.to Italiano U20"]
[Site "Bratto - Castione della Presolana ITA"]
[Date "2005.08.28"]
[Round "9"]
[White "Rombaldoni, Axel"]
[Black "Finocchiaro, Gianluca"]
[Result "1-0"]
[WhiteElo "2137"]
[BlackElo "1730"]
[PlyCount "95"]
[EventDate "2005.08.20"]

1.e4 d6 2.d4 Nf6 3.Nc3 c6 4.Bg5 Nbd7 5.f4 Qa5 6.Qd2 b5 7.Bd3 e5 8.d5 b4 9.
dxc6 Nc5 10.Nd5 Nfxe4 11.Qxb4 Nxd3+ 12.cxd3 Qxd5 13.Qxe4 Qxe4+ 14.dxe4 f6 
15.Bh4 exf4 16.Ne2 g5 17.Bf2 Be6 18.Nd4 Kf7 19.O-O d5 20.Rfe1 Bc5 21.e5 
Bxd4 22.Bxd4 Rhc8 23.Rac1 a5 24.exf6 Ra6 25.c7 Rd6 26.Rc5 Rd7 27.Be5 d4 
28.Rd1 d3 29.Rxa5 d2 30.h3 Bc4 31.Bc3 Rcxc7 32.Rxg5 Bxa2 33.Rxd2 Rxd2 34.
Rg7+ Ke6 35.Rxc7 Rd7 36.Rc6+ Kf7 37.Ra6 Bc4 38.Ra4 Rc7 39.Kf2 Kg6 40.h4 h5
41.Ra5 Bf7 42.Rg5+ Kh7 43.Kf3 Bg6 44.Kxf4 Rc4+ 45.Kg3 Re4 46.Rc5 Rg4+ 47.
Kh3 Re4 48.Rc7+ 1-0

[Event "XIII C.to Italiano U20"]
[Site "Bratto - Castione della Presolana ITA"]
[Date "2005.08.28"]
[Round "9"]
[White "Ronchetti, Niccolo'"]
[Black "Brunello, Sabino"]
[Result "1/2-1/2"]
[WhiteElo "2395"]
[BlackElo "2373"]
[PlyCount "49"]
[EventDate "2005.08.20"]

1.e4 e5 2.Nf3 Nc6 3.Bb5 a6 4.Ba4 Nf6 5.O-O Be7 6.Re1 b5 7.Bb3 O-O 8.h3 Bb7
9.d3 d6 10.a3 Na5 11.Ba2 c5 12.Nbd2 Bc8 13.Nf1 Be6 14.Ne3 Bxa2 15.Rxa2 Re8
16.Ra1 Bf8 17.Nh2 g6 18.Nhg4 Nxg4 19.hxg4 Nc6 20.Nd5 f6 21.a4 b4 22.g3 Bg7
23.Be3 Rb8 24.Kg2 Ne7 25.Nxe7+ 1/2-1/2

[Event "XIII C.to Italiano U20"]
[Site "Bratto - Castione della Presolana ITA"]
[Date "2005.08.28"]
[Round "9"]
[White "Rostolis, Riccardo"]
[Black "Ravagnati, Marco"]
[Result "1/2-1/2"]
[WhiteElo "1966"]
[BlackElo "1658"]
[PlyCount "38"]
[EventDate "2005.08.20"]

1.e4 c5 2.Nf3 Nc6 3.d4 cxd4 4.Nxd4 e5 5.Nb5 d6 6.N1c3 a6 7.Na3 b5 8.Nd5 
Nf6 9.Bg5 Be7 10.Bxf6 Bxf6 11.c3 O-O 12.Nc2 Bb7 13.Nce3 Bg5 14.Nf5 Ne7 15.
Nfxe7+ Bxe7 16.Qg4 Bc8 17.Nxe7+ Qxe7 18.Qf3 Bb7 19.Qg4 Bc8 1/2-1/2

[Event "XIII C.to Italiano U20"]
[Site "Bratto - Castione della Presolana ITA"]
[Date "2005.08.28"]
[Round "9"]
[White "Salafia, Andrea"]
[Black "Pulcini, Giorgio"]
[Result "0-1"]
[WhiteElo "1724"]
[BlackElo "1614"]
[PlyCount "58"]
[EventDate "2005.08.20"]

1.d4 d5 2.Nf3 e6 3.Bf4 c5 4.c3 Nc6 5.e3 c4 6.Nbd2 Bd7 7.e4 Nf6 8.e5 Nh5 9.
Bg3 Be7 10.Be2 b5 11.O-O O-O 12.h3 Nxg3 13.fxg3 f6 14.exf6 Rxf6 15.Qc2 Bd6
16.g4 a5 17.h4 Bf4 18.g5 Be3+ 19.Kh1 Rf4 20.g3 Rg4 21.Kg2 Qc7 22.Ne5 Nxe5 
23.dxe5 Rxg3+ 24.Kxg3 Qxe5+ 25.Kg2 Bb6 26.Rae1 Bc7 27.Rh1 Qg3+ 28.Kf1 Bb6 
29.Ne4 Rf8+ 0-1

[Event "XIII C.to Italiano U20"]
[Site "Bratto - Castione della Presolana ITA"]
[Date "2005.08.28"]
[Round "9"]
[White "Stips, Felix"]
[Black "Cocuzzi, Edoardo"]
[Result "1-0"]
[WhiteElo "1650"]
[BlackElo "1689"]
[PlyCount "97"]
[EventDate "2005.08.20"]

1.e4 e5 2.Nf3 Nc6 3.Bb5 a6 4.Ba4 b5 5.Bb3 Bc5 6.c3 d6 7.O-O Bg4 8.a4 h6 9.
d3 Nge7 10.Re1 O-O 11.h3 Bh5 12.g4 Bg6 13.Nbd2 Qd7 14.Nf1 h5 15.N3d2 hxg4 
16.hxg4 b4 17.Ne3 Na5 18.Ba2 Rab8 19.Ndc4 Nec6 20.Qf3 b3 21.Bb1 f6 22.Nxa5
Nxa5 23.Nc4 Nxc4 24.dxc4 Bf7 25.Bd3 Be6 26.Be2 Qf7 27.Qd3 Qg6 28.Be3 Bxg4 
29.Bxg4 Qxg4+ 30.Kf1 Kf7 31.Bxc5 Rh8 32.f3 Rh1+ 33.Ke2 Qg2+ 34.Bf2 Rh2 35.
Qd5+ Ke7 36.Rf1 Rbh8 37.c5 R8h3 38.cxd6+ cxd6 39.Qd3 g5 40.Rad1 g4 41.
Qxd6+ Kf7 42.Qd7+ Kg6 43.Qf5+ Kh6 44.Qxf6+ Kh5 45.Qf5+ Kh6 46.Rd6+ Kg7 47.
Qf6+ Kg8 48.Rd8+ Kh7 49.Rd7+ 1-0